UBT Library

Voyages through the universe / (Record no. 39135)

000 -LEADER
fixed length control field 00904cam a2200265 a 4500
001 - CONTROL NUMBER
control field 204521
005 - DATE AND TIME OF LATEST TRANSACTION
control field 20171219035304.0
008 - FIXED-LENGTH DATA ELEMENTS--GENERAL INFORMATION
fixed length control field 990607s2000 txua b 001 0 eng
010 ## - LIBRARY OF CONGRESS CONTROL NUMBER
LC control number 99064251
020 ## - INTERNATIONAL STANDARD BOOK NUMBER
International Standard Book Number 0030267935 (v. 1)
020 ## - INTERNATIONAL STANDARD BOOK NUMBER
International Standard Book Number 0030267943 (v. 2)
040 ## - CATALOGING SOURCE
Original cataloging agency DLC
Transcribing agency DLC
Modifying agency DLC
041 ## - LANGUAGE CODE
Language code of text/sound track or separate title eng
080 ## - UNIVERSAL DECIMAL CLASSIFICATION NUMBER
Universal Decimal Classification number 520 AND
082 00 - DEWEY DECIMAL CLASSIFICATION NUMBER
Classification number 520 AND
Edition number 21
100 1# - Rafti
Rafti 42
101 ## - Shkurtesa
Shkurtesa AST
245 10 - TITLE STATEMENT
Title Voyages through the universe /
Statement of responsibility, etc Andrew Fraknoi, David Morrison, Sidney Wolff.
246 3# - VARYING FORM OF TITLE
Title proper/short title Voyages to the planets
246 3# - VARYING FORM OF TITLE
Title proper/short title Voyages to the stars and galaxies
504 ## - BIBLIOGRAPHY, ETC. NOTE
Bibliography, etc Includes bibliographical references and indexes.
906 ## - LOCAL DATA ELEMENT F, LDF (RLIN)
a 7
b cbc
c orignew
d 2
e opcn
f 19
g y-gencatlg
942 ## - ADDED ENTRY ELEMENTS (KOHA)
Source of classification or shelving scheme
Item type Books
Holdings
Withdrawn status Lost status Source of classification or shelving scheme Damaged status Not for loan Permanent location Current location Date acquired Total Checkouts Full call number Barcode Date last seen Price effective from Koha item type Collection code Shelving location
          UBT - Lipjan UBT - Lipjan 12/19/2017   520 AND 002-2938910 12/19/2017 12/19/2017 Books    
          UBT - Lipjan UBT - Lipjan 12/19/2017   520 AND 002-2938915 12/19/2017 12/19/2017 Books    
          UBT - Lipjan UBT - Lipjan 12/19/2017   520 AND 002-2938920 12/19/2017 12/19/2017 Books    
          UBT - Lipjan UBT - Lipjan 12/19/2017   520 AND 002-2938925 12/19/2017 12/19/2017 Books Koleksioni i përgjithshem Koleksioni i përgjithshem
          UBT - Lipjan UBT - Lipjan 12/19/2017   520 AND 002-2938930 12/19/2017 12/19/2017 Books Koleksioni i përgjithshem Koleksioni i përgjithshem
          UBT - Lipjan UBT - Lipjan 12/19/2017   520 AND 002-2938935 12/19/2017 12/19/2017 Books Koleksioni i përgjithshem Koleksioni i përgjithshem
          UBT - Lipjan UBT - Lipjan 12/19/2017   520 AND 002-2938940 12/19/2017 12/19/2017 Books Koleksioni i përgjithshem Koleksioni i përgjithshem
          UBT - Lipjan UBT - Lipjan 12/19/2017   520 AND 002-2938966 12/19/2017 12/19/2017 Books Koleksioni i përgjithshem Koleksioni i përgjithshem
          UBT - Lipjan UBT - Lipjan 12/19/2017   520 AND 002-2938961 12/19/2017 12/19/2017 Books Koleksioni i përgjithshem Koleksioni i përgjithshem
          UBT - Lipjan UBT - Lipjan 12/19/2017   520 AND 002-2938956 12/19/2017 12/19/2017 Books Koleksioni i përgjithshem Koleksioni i përgjithshem
          UBT - Lipjan UBT - Lipjan 12/19/2017   520 AND 002-2938951 12/19/2017 12/19/2017 Books Koleksioni i përgjithshem Koleksioni i përgjithshem
          UBT - Lipjan UBT - Lipjan 12/19/2017   520 AND 002-2938946 12/19/2017 12/19/2017 Books Koleksioni i përgjithshem Koleksioni i përgjithshem
          UBT - Lipjan UBT - Lipjan 12/19/2017   520 AND 002-2938941 12/19/2017 12/19/2017 Books Koleksioni i përgjithshem Koleksioni i përgjithshem
          UBT - Lipjan UBT - Lipjan 12/19/2017   520 AND 002-2938936 12/19/2017 12/19/2017 Books Koleksioni i përgjithshem Koleksioni i përgjithshem
          UBT - Lipjan UBT - Lipjan 12/19/2017   520 AND 002-2938931 12/19/2017 12/19/2017 Books Koleksioni i përgjithshem Koleksioni i përgjithshem
UBT Library © 2015-2024. All rights reserved University Education for Business and Technology